Beyond sweatshops foreign direct investment and globalization in developing countries /

Bibliographic Details
Main Author: Moran, Theodore H., 1943-
Corporate Author: ProQuest (Firm)
Format: Electronic eBook
Language:English
Published: Washington, D.C. : Brookings Institution Press, c2002.
Subjects:
Online Access:Click to View
LEADER 02176nam a22004094a 4500
001 EBC3004357
003 MiAaPQ
005 20200520144314.0
006 m o d |
007 cr cn|||||||||
008 020305s2002 dcu sb 001 0 eng
010 |z  2002003528 
020 |z 0815706162 (cloth : alk. paper) 
020 |z 0815706154 (pbk. : alk. paper) 
035 |a (MiAaPQ)EBC3004357 
035 |a (Au-PeEL)EBL3004357 
035 |a (CaPaEBR)ebr10026289 
035 |a (OCoLC)697472821 
040 |a MiAaPQ  |c MiAaPQ  |d MiAaPQ 
050 4 |a HD5710.75.D44  |b M67 2002 
082 0 4 |a 331.1/09172/4  |2 21 
100 1 |a Moran, Theodore H.,  |d 1943- 
245 1 0 |a Beyond sweatshops  |h [electronic resource] :  |b foreign direct investment and globalization in developing countries /  |c Theodore H. Moran. 
260 |a Washington, D.C. :  |b Brookings Institution Press,  |c c2002. 
300 |a v, 196 p. 
504 |a Includes bibliographical references (p. 167-188) and index. 
505 0 |a Foreign direct investment in low-wage, low-skill activities -- Improving the treatment of workers at the bottom by providing a path up from below -- Core standards for the treatment of workers around the world -- WTO-based enforcement of core labor standards -- Voluntary mechanisms for improving the treatment of workers -- Using foreign investment to shape host-country development -- The impact of outward investment on the home economy of the investor. 
533 |a Electronic reproduction. Ann Arbor, MI : ProQuest, 2015. Available via World Wide Web. Access may be limited to ProQuest affiliated libraries. 
650 0 |a Investments, Foreign, and employment  |z Developing countries. 
650 0 |a Foreign trade and employment  |z OECD countries. 
650 0 |a Manufacturing industries  |z Developing countries  |x Employees. 
650 0 |a Investments, Foreign  |x Moral and ethical aspects  |z Developing countries. 
650 0 |a Investments, Foreign  |x Government policy  |z Developing countries. 
650 0 |a Economic development. 
655 4 |a Electronic books. 
710 2 |a ProQuest (Firm) 
856 4 0 |u https://ebookcentral.proquest.com/lib/matrademy/detail.action?docID=3004357  |z Click to View